First Ministers of Scotland - Statistics

General Stats
  • This quiz has been taken 18 times
  • The average score is 5 of 7
Answer Stats
Picture Answer % Correct
Nicola Sturgeon
100%
Alex Salmond
94%
John Swinney
83%
Donald Dewar
72%
Humza Yousaf
56%
Henry McLeish
33%
Jack McConnell
28%
No matching quizzes found
Score Distribution
Percent of People with Each Score
Percentile by Number Answered
Your Score History
You have not taken this quiz